Gaming Quiz

Random Gaming or Video Games Quiz
Score 0/50 Timer 10:00
0 Plays Today
% Correct
Sub-Zero
71.3%
Chun-Li
70.9%
Kirby
68.1%
Jigglypuff
65.8%
Reptile
56.2%
Mr. Game & Watch
55.6%
Kitana
52.6%
Meta Knight
51.9%
Sagat
48.2%
Marth
47.8%
Noob Saibot
42.5%
Ermac
40.8%
Dee Jay
37.1%
Heihachi Mishima
35.2%
Eddy Gordo
34.8%
Astaroth
33.4%
Nina Williams
30.2%
Voldo
29.6%
Thunder Hawk
27.4%
Morrigan Aensland
24.5%
Felicia
23.2%
Baby Bonnie Hood
23.1%
Maxi
23%
Julia Chang
22.9%
Tina Armstrong
22.3%
% Correct
Helena Douglas
22%
Seung-Mina
20.8%
Brad Wong
20.8%
Mokujin
20%
Bridget
18.2%
Zasalamel
17.6%
Lei Fang
17.5%
Arakune
17.1%
Rainbow Mika
16.7%
Anji Mito
16%
Jeffry McWild
15.9%
Sasquatch
15%
Pai Chan
14.6%
Ragna
14.4%
Litchi Faye-Ling
14.4%
Makoto Nanaya
14.1%
Jedah Dohma
14%
Taokaka
13.8%
Potemkin
13.7%
Millia Rage
13.6%
Lion Rafale
13.2%
Robo-Ky
12.5%
Shun Di
10.3%
Taka-Arashi
9.1%
Momiji
8.7%
Remove Ads.
Support Sporcle.
Get the best of Sporcle when you Go Orange. This ad-free experience offers more features, more stats, and more fun while also helping to support Sporcle. Thank you for becoming a member.

You're not logged in!

Compare scores with friends on all Sporcle quizzes.
OR
Log In

Show Comments

Extras

Top Quizzes Today


Score Distribution

Your Account Isn't Verified!

In order to create a playlist on Sporcle, you need to verify the email address you used during registration. Go to your Sporcle Settings to finish the process.

Report this User

Report this user for behavior that violates our Community Guidelines.

Details: